000 00623nam a2200253Ia 4500
005 20260121154102.0
008 008 260114s9999 xx 000 0 eng d
020 _a9781003258407
037 _aEBOOK
040 _aCRL
040 _beng
040 _cCRL
041 _2eng
041 _aeng
084 _qCRL
100 _a Francesca Costa; Cristina Mariotti
_91002832
245 0 _aInput in English-Medium Instruction
260 _bTaylor and Francis
260 _c2023
856 _uhttp://www.taylorfrancis.com/books/9781003258407
942 _cEBOOK
999 _c1569653
_d1569653